Представление документа в формате MARC21

ПолеНазваниеЗначение
  Тип записи a
  Библиографический уровень s
001 Контрольный номер da2a0e688cb842d1931f9904caf7270a
005 Дата корректировки 20260316161254.6
040 Источник каталогиз. __
e Правила каталог. PSBO
b Код языка каталог. rus
041 Код языка издания 0_
a Код языка текста rus
245 Заглавие 10
a Заглавие Спортивная медицина: наука и практика
n Номер части/ раздела Т 15, № 3
260 Выходные данные __
c Дата издания 2025
901 Тип документа __
t Тип документа s